00585nam a2200181Ia 4500008004100000040001900041041001200060082004500072100002100117245007400138260002900212300002200241440003200263504004000295650001800335651004000353850001000393131103s9999 xx 000 0 und d aLoreto College aEnglish a822.33(ID)/JUL/PRI/822.33/T2/SHAb#NAME? aPrice, George R. 2aA simplified approach to Shakespeare's Julius CaesarcGeorge R. Price aNew YorkbWoodburyc1964 av,54 p. c 22 cm. aBarron's Educational Series aIncludes bibliographical references aEnglish Drama aShakespeare,William - Julius Caesar aLCLIB